Представление документа в формате RUSMARC

ПолеНазваниеЗначение
  Тип записи a
  Библиографический уровень m
001 Контрольный номер RU/УОНБ/EK/623423661
005 Дата корректировки 20250520125512.1
010 Индекс ISBN __
d Цена 3 р. 65 к.
9 Тираж 150000 экз.
b Уточнения в пер.
100 Данные общей обработки __
a Данные общей обработки 20191003d1955 m y0rusy0189||||ca
101 Язык документа 0_
a Язык текста rus
102 Страна публикации __
a Страна публикации RU
105 Кодированные данные (монография) __
a Кодированные данные (монография) y z 000ay
200 Заглавие и сведения об ответственности 1_
a Заглавие Рассказы
f Первые сведения об ответственности А.Ф. Писемский
g Последующие сведения об ответственности [предисл. Ф. Евнина]
210 Выходные данные 1_
a Место издания Москва
c Издательство Гослитиздат
d Дата издания 1955
215 Физическое описание __
a Объем 200 с.
d Формат 21 см
225 Серия 1_
a Серия Массовая серия
317 Примечания о происхождении экземпляра __
a Примечания о происхождении экземпляра Григорьевский фонд № 543153
327 Примечание о содержании 11
a Примечание о содержании Содерж.: Питерщик ; Леший : рассказ исправника ; Плотничья артель ; Старая барыня ; Батька
606 Тематические рубрики 0_
a Основная рубрика Проза (х. л.)
610 Ключевые слова 0_
a Ключевые слова проза русская
686 Индексы других классификаций __
a Классификационный индекс 84Р1
2 Код системы rubbk
700 Автор _1
a Фамилия Писемский
b Имя (инициалы) А.Ф.
g Полное личное имя Алексей Феофилактович
702 Вторичная интеллектуальная ответственность _1
a Фамилия Евнин
b Имя (инициалы) Ф.
4 Код отношения 080
801 Источник записи _0
a Страна RU
b Организация Ульяновская ОНБ
c Дата составления 20191003
g Правила каталогизации RCR
801 Источник записи _1
a Страна RU
b Организация Ульяновская ОНБ
c Дата составления 20191003
g Правила каталогизации RCR
901 Тип документа __
t Тип документа m
909 Создатель записи __
a Создатель записи Королева
938 Служебная информация __
a Имя БД retro
b Имя библиотеки УОНБ
c Имя АИБС МАРК-SQL
d Номер DOC_ID в БД 308183